Kreativität Aushalten / Psychologie für Designer
Saved in:
| Main Author: | |
|---|---|
| Format: | Book |
| Published: |
Mainz :
Verlag Hermann Schmidt Mainz,
2012
|
| Edition: | 3. vyd. |
| Subjects: | |
| Tags: |
No Tags, Be the first to tag this record!
|
MARC
| LEADER | 00000nam a22000003a 4500 | ||
|---|---|---|---|
| 001 | stu301639 | ||
| 005 | 20150617230325.4 | ||
| 008 | 150109s--------gw----------------------d | ||
| 020 | |a 978-3-87439-786-5 | ||
| 040 | |a STU |b slo | ||
| 041 | 0 | ||
| 044 | |a gw | ||
| 100 | 1 | |a Berzbach, Frank |4 aut | |
| 245 | 1 | |a Kreativität Aushalten / Psychologie für Designer | |
| 250 | |a 3. vyd. | ||
| 260 | |a Mainz : |b Verlag Hermann Schmidt Mainz, |c 2012 | ||
| 300 | |a 192 S | ||
| 650 | 7 | |a kreativita |2 stusub | |
| 650 | 7 | |a psychológia |2 stusub | |
| 650 | 7 | |a interiér |2 stusub | |
| 650 | 7 | |a design |2 estusub | |
| 996 | |b 284AU06311 |c A*9274 U |l AA5150 |s P |a 0 |w stu301639_0001 | ||